000 00696nam a2200217 a 4500
999 _c2645
_d2645
001 2645
003 BD-JhCC
005 20171105183704.0
008 171105s1982 |||| ||a| 000 0 ben d
035 _a(BD-JhCC)2645
040 _aBD-JhCC
_dBD-JhCC
041 _aben
082 _a891.4435
_bKHA 1982
100 _aখাঁ, প্রিন্সপাল ইবরাহীম
245 _aপাখির বিদায় /
_c প্রিন্সপাল ইবরাহীম খাঁ
260 _aঢাকা :
_bআহমদ পাবলিশিং হাউস,
_c১৯৮২.
300 _a159 p. :
_c21 cm.
600 _aShort Stories
942 _2ddc
_cBK